<?xml version="1.0" encoding="UTF-8"?>
<record
    xmlns:xsi="http://www.w3.org/2001/XMLSchema-instance"
    xsi:schemaLocation="http://www.loc.gov/MARC21/slim http://www.loc.gov/standards/marcxml/schema/MARC21slim.xsd"
    xmlns="http://www.loc.gov/MARC21/slim">

  <leader>00495    a2200109   4500</leader>
  <controlfield tag="001">ART_38034</controlfield>
  <controlfield tag="005">20260410161803.0</controlfield>
  <controlfield tag="008">260409a                                 </controlfield>
  <datafield tag="245" ind1="1" ind2="0">
    <subfield code="a">La funci&#xF3;n contable y de auditor&#xED;a del s&#xED;ndico concursal en el an&#xE1;lisis del l&#xED;mite de retroacci&#xF3;n para declarar inoponibles los actos realizados por el deudor en el per&#xED;odo de sospecha propuesta</subfield>
  </datafield>
  <datafield tag="100" ind1="1" ind2=" ">
    <subfield code="a">Rodr&#xED;guez, Raquel E.</subfield>
  </datafield>
  <datafield tag="773" ind1="0" ind2=" ">
    <subfield code="t">Doctrina Societaria y Concursal</subfield>
    <subfield code="g">- N&#xBA; 340 (mar. 2016)</subfield>
    <subfield code="w">REV4298</subfield>
  </datafield>
  <datafield tag="999" ind1=" " ind2=" ">
    <subfield code="c">20756</subfield>
    <subfield code="d">20756</subfield>
  </datafield>
</record>
